export_success — 

Handbook on data envelopment analysis

Bibliographic Details
Corporate Author: ProQuest (Firm)
Other Authors: Cooper, William W., Seiford, Lawrence M., Zhu, Joe.
Format: Electronic eBook
Language:English
Published: New York : Springer, 2011.
Edition:2nd ed.
Series:International series in operations research & management science ; 164.
Subjects:
Online Access:Click to View
LEADER 01488nam a2200385 a 4500
001 EBC798551
003 MiAaPQ
005 20200520144314.0
006 m o d |
007 cr cn|||||||||
008 111014s2011 nyuad sb 001 0 eng d
010 |z  2011934489 
020 |z 9781441961501 
020 |z 9781441961518 (e-book) 
035 |a (MiAaPQ)EBC798551 
035 |a (Au-PeEL)EBL798551 
035 |a (CaPaEBR)ebr10494221 
035 |a (OCoLC)755995655 
040 |a MiAaPQ  |c MiAaPQ  |d MiAaPQ 
050 4 |a HA31.38  |b .H36 2011 
245 0 0 |a Handbook on data envelopment analysis  |h [electronic resource] /  |c William W. Cooper, Lawrence M. Seiford, Joe Zhu, editors. 
250 |a 2nd ed. 
260 |a New York :  |b Springer,  |c 2011. 
300 |a xxv, 497 p. :  |b ill. 
490 1 |a International series in operations research & management science,  |x 0884-8289 ;  |v v. 164 
504 |a Includes bibliographical references and index. 
533 |a Electronic reproduction. Ann Arbor, MI : ProQuest, 2015. Available via World Wide Web. Access may be limited to ProQuest affiliated libraries. 
650 0 |a Data envelopment analysis. 
655 4 |a Electronic books. 
700 1 |a Cooper, William W. 
700 1 |a Seiford, Lawrence M. 
700 1 |a Zhu, Joe. 
710 2 |a ProQuest (Firm) 
830 0 |a International series in operations research & management science ;  |v 164. 
856 4 0 |u https://ebookcentral.proquest.com/lib/matrademy/detail.action?docID=798551  |z Click to View